[Event "ARG-ch Amateur"]
[Site "Termas de Rio Hondo"]
[Date "2019.11.16"]
[Round "4"]
[White "Diaz, Diego Patricio"]
[Black "Segado, Alfredo"]
[Result "0-1"]
[WhiteElo "2022"]
[BlackElo "2095"]
[PlyCount "98"]
[EventDate "2019.11.15"]
[EventType "swiss"]
[EventRounds "7"]
[EventCountry "ARG"]
[SourceTitle "CBM 193 Extra"]
[Source "ChessBase"]
[SourceDate "2020.01.31"]
[SourceVersion "1"]
[SourceVersionDate "2020.01.31"]
[SourceQuality "1"]

1. Nf3 Nf6 2. g3 g6 3. Bg2 Bg7 4. 0-0 0-0 5. d3 d5 6. Nbd2 Nc6 7. e4 e5 8. c3 b6 9. Qa4 Bb7 10. Re1 a6 11. b4 h6 12. Bb2 Re8 13. a3 Qd7 14. Qc2 Rad8 15. Rad1 dxe4 16. dxe4 Qe6 17. a4 Ba8 18. Bf1 Qc8 19. Bc4 Nh7 20. Bb3 Rd7 21. Nf1 Red8 22. Rxd7 Rxd7 23. Ne3 Nf8 24. Nd5 Bb7 25. h4 Qd8 26. h5 Kh7 27. Ba3 gxh5 28. Nh4 Ng6 29. Nf5 h4 30. Bc1 Na7 31. b5 axb5 32. axb5 Nc8 33. Be3 Nd6 34. Nxd6 Rxd6 35. Bc4 Qd7 36. Kh2 Bc8 37. Bf1 hxg3+ 38. fxg3 Ne7 39. c4 Rg6 40. Qf2 Nxd5 41. cxd5 Bf8 42. Ra1 Bd6 43. Ra8 Kg7 44. Qe2 Qg4 45. Qxg4 Bxg4 46. Bd3 Rf6 47. Bg1 h5 48. Ra1 Rf3 49. Ra3 Bxa3 0-1

[Event "ARG-ch Amateur"]
[Site "Termas de Rio Hondo"]
[Date "2019.11.16"]
[Round "3"]
[White "Segado, Alfredo"]
[Black "Daneri, Martin"]
[Result "0-1"]
[WhiteElo "2095"]
[BlackElo "2038"]
[PlyCount "81"]
[EventDate "2019.11.15"]
[EventType "swiss"]
[EventRounds "7"]
[EventCountry "ARG"]
[SourceTitle "CBM 193 Extra"]
[Source "ChessBase"]
[SourceDate "2020.01.31"]
[SourceVersion "1"]
[SourceVersionDate "2020.01.31"]
[SourceQuality "1"]

1. c4 e5 2. Nc3 Nc6 3. g3 Bb4 4. Nd5 a5 5. Bg2 Nge7 6. e3 0-0 7. Ne2 Nxd5 8. cxd5 Ne7 9. a3 Bd6 10. b3 c6 11. Nc3 f5 12. 0-0 b6 13. d4 Ba6 14. Re1 e4 15. dxc6 dxc6 16. Bb2 Nd5 17. f3 Nxc3 18. Bxc3 Bd3 19. Bb2 Qe7 20. f4 Rfd8 21. Qh5 g6 22. Qh6 Qf7 23. d5 Bf8 24. Qg5 Rxd5 25. Rac1 c5 26. h3 Rd7 27. g4 h6 28. Qh4 Qxb3 29. Be5 Qf7 30. gxf5 gxf5 31. Kh2 Kh7 32. Rg1 Be7 33. Qf2 Rg8 34. h4 Rg4 35. Bh3 Bxh4 36. Qb2 Qh5 37. Rg2 Rxg2+ 38. Qxg2 Rf7 39. Bxf5+ Qxf5 40. Rg1 Bf6 41. Bb2 0-1

[Event "ARG-ch Amateur"]
[Site "Termas de Rio Hondo"]
[Date "2019.11.15"]
[Round "2"]
[White "Asprelli, Gaspar"]
[Black "Segado, Alfredo"]
[Result "0-1"]
[WhiteElo "2012"]
[BlackElo "2095"]
[PlyCount "102"]
[EventDate "2019.11.15"]
[EventType "swiss"]
[EventRounds "7"]
[EventCountry "ARG"]
[SourceTitle "CBM 193 Extra"]
[Source "ChessBase"]
[SourceDate "2020.01.31"]
[SourceVersion "1"]
[SourceVersionDate "2020.01.31"]
[SourceQuality "1"]

1. d4 Nf6 2. Nc3 d5 3. Bf4 g6 4. Qd2 Nc6 5. 0-0-0 Bf5 6. a3 h6 7. h4 Bg7 8. f3 Nh5 9. g4 Nxf4 10. Qxf4 h5 11. e3 Bh6 12. g5 Bg7 13. Bb5 0-0 14. Bxc6 bxc6 15. Nge2 Re8 16. e4 e5 17. Qh2 dxe4 18. fxe4 Bg4 19. d5 Qd6 20. Rhf1 Rab8 21. Qf2 Rf8 22. Rde1 f6 23. Qxa7 fxg5 24. hxg5 c5 25. Qa4 Qe7 26. Qc4 Qxg5+ 27. Kb1 Qe3 28. d6+ Kh7 29. dxc7 Rbc8 30. Rxf8 Rxf8 31. Rg1 Bc8 32. Rg3 Qf2 33. Nd1 Qe1 34. Rg1 Qd2 35. Nec3 Qd4 36. Qxd4 exd4 37. Nd5 Be5 38. b4 cxb4 39. axb4 Rf7 40. Nb2 Bxc7 41. Nc4 Bb8 42. b5 h4 43. b6 h3 44. Na5 Bd7 45. Ka2 h2 46. Rh1 g5 47. Nc7 Rf2 48. Kb3 g4 49. Nc4 g3 50. Ne5 Bc8 51. Kb2 Kg7 0-1

[Event "Santa Fe Rafaela U2200 op"]
[Site "Santa Fe"]
[Date "2019.05.04"]
[Round "2.3"]
[White "Segado, Alfredo"]
[Black "Bustamante, Alejandro"]
[Result "1-0"]
[WhiteElo "2124"]
[BlackElo "1685"]
[PlyCount "69"]
[EventDate "2019.05.04"]
[EventType "swiss"]
[EventRounds "6"]
[EventCountry "ARG"]
[SourceTitle "EXT 2024"]
[Source "ChessBase"]
[SourceDate "2023.10.10"]
[SourceVersion "1"]
[SourceVersionDate "2023.10.10"]
[SourceQuality "1"]

1. c4 Nf6 2. Nc3 e6 3. e4 e5 4. Nf3 d6 5. d4 exd4 6. Nxd4 Be7 7. Be2 Bd7 8. 0-0 Nc6 9. f4 Nxd4 10. Qxd4 c6 11. Be3 0-0 12. h3 c5 13. Qd3 Bc6 14. g4 h6 15. Rae1 a6 16. a4 Qd7 17. Bd1 Rfe8 18. Bc1 Bd8 19. g5 hxg5 20. fxg5 Nh7 21. h4 Ba5 22. Bd2 Rad8 23. Rf4 Re7 24. Nd5 Bxd5 25. Bxa5 Bc6 26. Bxd8 Qxd8 27. Ref1 Nf8 28. Bh5 g6 29. Bg4 Qc7 30. b3 Nd7 31. Bxd7 Bxd7 32. Qf3 Bc6 33. h5 gxh5 34. Qxh5 Bxe4 35. Rh4 1-0

[Event "Malabrigo op"]
[Site "Malabrigo"]
[Date "2019.02.10"]
[Round "5"]
[White "Segado, Alfredo"]
[Black "Alzugaray, Julian"]
[Result "1-0"]
[WhiteElo "2109"]
[BlackElo "1724"]
[PlyCount "58"]
[EventDate "2019.02.09"]
[EventType "swiss"]
[EventRounds "6"]
[EventCountry "ARG"]
[SourceTitle "CBM 189 Extra"]
[Source "ChessBase"]
[SourceDate "2019.06.03"]
[SourceVersion "1"]
[SourceVersionDate "2019.06.03"]
[SourceQuality "1"]

1. e4 c5 2. Nf3 e6 3. d4 cxd4 4. Nxd4 Nc6 5. Nc3 Bb4 6. Ndb5 d6 7. a3 Bxc3+ 8. Nxc3 a6 9. Bf4 e5 10. Be3 Be6 11. Qd2 Qc7 12. 0-0-0 Rd8 13. f4 Bg4 14. Re1 exf4 15. Nd5 Qb8 16. Bb6 Rd7 17. Qxf4 Ne5 18. Qg3 f6 19. Bd4 Be6 20. Nf4 Bc4 21. Bxc4 Nxc4 22. Qh3 Ne5 23. Bxe5 dxe5 24. Qh5+ Rf7 25. Ng6 hxg6 26. Qxh8 Kf8 27. Rd1 Rc7 28. Rd2 Qc8 29. Kb1 b5 1-0

[Event "Malabrigo op"]
[Site "Malabrigo"]
[Date "2019.02.09"]
[Round "1"]
[White "Segado, Alfredo"]
[Black "Solis Chorvat, Ferran"]
[Result "1-0"]
[WhiteElo "2109"]
[BlackElo "1385"]
[PlyCount "69"]
[EventDate "2019.02.09"]
[EventType "swiss"]
[EventRounds "6"]
[EventCountry "ARG"]
[SourceTitle "CBM 189 Extra"]
[Source "ChessBase"]
[SourceDate "2019.06.03"]
[SourceVersion "1"]
[SourceVersionDate "2019.06.03"]
[SourceQuality "1"]

1. e4 e5 2. Nf3 Nc6 3. Bb5 a6 4. Ba4 Nf6 5. d3 b5 6. Bb3 Be7 7. 0-0 0-0 8. c3 d6 9. h3 Be6 10. Bc2 d5 11. exd5 Nxd5 12. Re1 Bd6 13. d4 exd4 14. Ng5 Nf6 15. Nxe6 fxe6 16. Rxe6 dxc3 17. bxc3 Qd7 18. Bg5 Rae8 19. Rxe8 Qxe8 20. Nd2 Qe5 21. Nf3 Qc5 22. Qd3 Ne5 23. Nxe5 Qxe5 24. f4 Qe7 25. Kh1 h6 26. Bh4 Bxf4 27. Re1 Qd6 28. Qf5 Bg3 29. Bxf6 Bxe1 30. Qh7+ Kf7 31. Qg6+ Ke6 32. Qf5+ Kf7 33. Be5+ Ke8 34. Qh5+ Kd7 35. Bxd6 1-0